| 000 | 00569nam a2200241 a 4500 | ||
|---|---|---|---|
| 001 | nice12345678 | ||
| 003 | IN_TiNIC | ||
| 005 | 20260116011332.0 | ||
| 008 | 050524s1955 lona grp 000 0 eng | ||
| 020 |
_a _c0 |
||
| 082 | 0 | 0 |
_a953.8 _bPHI1 |
| 100 | _aPhilby, H St John | ||
| 245 | _aSa`udi Arabia | ||
| 260 |
_aLondon _bErnest Benn Ltd _c1955 |
||
| 300 | _a393p | ||
| 500 | _aincludes index and biblioraphy | ||
| 505 | 2 | _aIllus. Index | |
| 650 | _aSaudi Arabia-History | ||
| 700 | 1 | _aPhilby, H St John | |
| 902 | _bSRS | ||
| 942 | _cBK | ||
| 999 |
_c617 _d617 |
||